Helsinki Metro Stations - Statistics

General Stats
  • This quiz has been taken 457 times
  • The average score is 22 of 30
Answer Stats
Opened Station % Correct
1983 Kamppi
95%
1995 Helsingin yliopisto
90%
2007 Kalasatama
90%
1984 Sörnäinen
89%
1982 Itäkeskus
87%
1998 Vuosaari
86%
1993 Ruoholahti
84%
1989 Mellunmäki
82%
1982 Rautatientori
82%
1982 Herttoniemi
81%
2017 Lauttasaari
81%
1982 Hakaniemi
80%
2017 Tapiola
80%
1982 Kulosaari
78%
1982 Siilitie
76%
2017 Aalto-yliopisto
74%
1986 Kontula
74%
2017 Matinkylä
69%
2022 Kivenlahti
68%
1986 Myllypuro
64%
2017 Keilaniemi
63%
1998 Rastila
63%
1998 Puotila
62%
2017 Urheilupuisto
62%
2017 Koivusaari
58%
2022 Espoonlahti
54%
2022 Finnoo
54%
2017 Niittykumpu
50%
2022 Soukka
49%
2022 Kaitaa
33%
No matching quizzes found
Score Distribution
Percent of People with Each Score
Percentile by Number Answered
Your Score History
You have not taken this quiz